|
|
|
|
| LEADER |
00000nam0a2200000 4500 |
| 001 |
337871 |
| 005 |
20231102005008.0 |
| 035 |
|
|
|a (RuTPU)RU\TPU\book\364359
|
| 090 |
|
|
|a 337871
|
| 100 |
|
|
|a 20171114d1932 k y0rusy50 ca
|
| 101 |
0 |
|
|a rus
|a eng
|
| 102 |
|
|
|a RU
|
| 105 |
|
|
|a a z 000zy
|
| 200 |
1 |
|
|a Гидрогеологические условия Кемеровского района в Кузнецком бассейне
|f П. И. Бутов
|g СССР, Всесоюзное геологоразведочное объединение
|
| 210 |
|
|
|a Москва
|a Ленинград
|c Государственное научно-техническое геолого-разведочное изд-во
|d 1932
|
| 215 |
|
|
|a 58 с.
|c ил.
|e Прилож.: 2 карт.
|
| 225 |
1 |
|
|a Труды Всесоюзного геолого-разведочного объединения
|v Вып. 160
|
| 606 |
1 |
|
|a Гидрогеология
|y Кемеровская область
|2 stltpush
|3 (RuTPU)RU\TPU\subj\76936
|9 87684
|
| 610 |
1 |
|
|a физико-географические данные
|
| 610 |
1 |
|
|a гидрогеологические условия
|
| 610 |
1 |
|
|a Кузнецкий бассейн
|
| 610 |
1 |
|
|a Томь
|
| 610 |
1 |
|
|a уровень воды
|
| 610 |
1 |
|
|a наблюдения
|
| 610 |
1 |
|
|a библиотека М. А. Усова
|
| 675 |
|
|
|a 556.3(571.1)
|v 4
|
| 700 |
|
1 |
|a Бутов
|b П. И.
|
| 712 |
0 |
1 |
|a СССР
|b Всесоюзное геологоразведочное объединение
|c (1931-1933)
|2 stltpush
|3 (RuTPU)RU\TPU\col\18435
|9 27031
|
| 801 |
|
1 |
|a RU
|b 63413507
|c 20171114
|
| 801 |
|
2 |
|a RU
|b 63413507
|c 20180131
|g RCR
|
| 942 |
|
|
|c BK
|